| 000 | 00615nam a2200229 4500 | ||
|---|---|---|---|
| 003 | OSt | ||
| 005 | 20260530115254.0 | ||
| 008 | 260508b1996 uxx||||| |||| 00| 0 eng d | ||
| 020 | _a390180109X | ||
| 040 |
_aICI _bspa _cICI |
||
| 041 | _aeng | ||
| 050 | 0 | 0 |
_aNK1510 _bF46 1989 |
| 100 | 1 |
_aFenzl, Kristian _dautor _930229 |
|
| 245 | 1 | 0 | _aDESIGN |
| 264 | 1 |
_bWissenstransfer Austria _c1996 |
|
| 300 |
_a195 pƔginas: _bilustraciones |
||
| 336 |
_atexto _2rdacontent |
||
| 337 |
_asin medio _2rdamedia |
||
| 338 |
_avolumen _2rdacarrier |
||
| 500 | _aDeedicado x el Autor Extra ! Recopilación | ||
| 942 |
_2lcc _cBK _n1 |
||
| 999 |
_c12522 _d12522 |
||